<?xml version="1.0" encoding="UTF-8"?><?xml-stylesheet type="text/xsl" href="static/style.xsl"?><OAI-PMH xmlns="http://www.openarchives.org/OAI/2.0/" xmlns:xsi="http://www.w3.org/2001/XMLSchema-instance" xsi:schemaLocation="http://www.openarchives.org/OAI/2.0/ http://www.openarchives.org/OAI/2.0/OAI-PMH.xsd"><responseDate>2026-06-03T08:20:14Z</responseDate><request verb="GetRecord" identifier="oai:riuma.uma.es:10630/8408" metadataPrefix="marc">https://riuma.uma.es/rest/oai/request</request><GetRecord><record><header><identifier>oai:riuma.uma.es:10630/8408</identifier><datestamp>2026-02-03T11:47:00Z</datestamp><setSpec>com_10630_2254</setSpec><setSpec>col_10630_37959</setSpec></header><metadata><record xmlns="http://www.loc.gov/MARC21/slim" xmlns:dcterms="http://purl.org/dc/terms/" xmlns:doc="http://www.lyncode.com/xoai" xmlns:xsi="http://www.w3.org/2001/XMLSchema-instance" xsi:schemaLocation="http://www.loc.gov/MARC21/slim http://www.loc.gov/standards/marcxml/schema/MARC21slim.xsd">
   <leader>00925njm 22002777a 4500</leader>
   <datafield ind2=" " ind1=" " tag="042">
      <subfield code="a">dc</subfield>
   </datafield>
   <datafield ind2=" " ind1=" " tag="720">
      <subfield code="a">González-Jurado, Deborah</subfield>
      <subfield code="e">author</subfield>
   </datafield>
   <datafield ind2=" " ind1=" " tag="260">
      <subfield code="c">2014-11-12</subfield>
   </datafield>
   <datafield ind2=" " ind1=" " tag="520">
      <subfield code="a">Cada uno por su lado, ferrocarriles, prensa y publicidad, estos sectores han dejado abundante documentación, pero no así sus relaciones, que tampoco han interesado a los historiadores suficientemente.&#xd;
Sobre estas relaciones sólo nos ha llegado un&#xd;
conjunto casi completo de documentos de empresa a través del archivo de MZA, la mayor, más estable y mejor capitalizada explotación de la Península Ibérica antes de la integración de todas las&#xd;
compañías en la Red Nacional de Ferrocarriles Españoles (RENFE) en 1941.</subfield>
   </datafield>
   <datafield ind1="8" ind2=" " tag="024">
      <subfield code="a">http://hdl.handle.net/10630/8408</subfield>
   </datafield>
   <datafield tag="653" ind2=" " ind1=" ">
      <subfield code="a">Publicidad</subfield>
   </datafield>
   <datafield tag="653" ind2=" " ind1=" ">
      <subfield code="a">Prensa</subfield>
   </datafield>
   <datafield ind2="0" ind1="0" tag="245">
      <subfield code="a">El papel de los ingenieros y subalternos de MZA en las nuevas fórmulas mediáticas de la publicidad y la prensa durante el primer tercio del sigloXX</subfield>
   </datafield>
</record>
</metadata></record></GetRecord></OAI-PMH>